000 01875nam0a22003251 4500
001 v19\rc\1342140
005 20260407094836.0
035 _a(NLR Aleph) 004490165
090 _a4646052
_c4646052
100 _a20060512d1858 |||y0rusy50 ca
101 0 _arus
102 _aRU
105 _ay b |||||
200 1 _aКаталог Картинной галереи... Харьковского университета
210 _aХарьков
_d1858
215 _a22 с.
_d18
300 _aЗагл. на кол.: Каталог картинам разных италиянских школ, преимущественно XVI и XVII столетий, собранным во Флоренции и принесенным в жар Харьковскому университету членом-корреспондентом оного... И.Г. Бецким в 1857 году
517 0 _aКаталог картинам разных италиянских школ, преимущественно XVI и XVII столетий, собранным во Флоренции и принесенным в жар Харьковскому университету членом-корреспондентом оного... И.Г. Бецким в 1857 году
532 1 1 _aКаталог Картинной галереи Харьковского университета
686 1 _aЩ101.3(2Ук)-2Харьков
702 1 _4570
_7ca
_8rus
_aБецкий
_bИ. Е.
_cписатель, издатель
_f1818-1890
_gИван Егорович
_9180978
_3RU\NLR\AUTH\770181029
710 0 2 _aХарьковский университет
_3RU\NLR\AUTH\889921299
_9338709
801 0 _aRU
_bNLR
_gpsbo
801 0 _aRU
_bRuMoRGB
_2psbo
801 1 _aRU
_bProSoft-M
_2rusmarc
852 _aNLR
_j18.114.4.3
899 _aБАН
942 _cBOOK
980 _aNB